| 000 | 01218nac a22002411u 4500 | ||
|---|---|---|---|
| 008 | 100906t xxu|||||d||||o000 0 eng d | ||
| 020 | _a0662128508 | ||
| 082 |
_a676 _bMCC |
||
| 100 |
_aMcCubbin Neil _918189 |
||
| 245 |
_aThe Basic Technology of the Pulp and Paper Industry and Its Environmental Protection Practices / _cPrepared by Neil McCubbin for the Environmental Protection Programs Directorate, Environmental Protection Service & Environmental Canada |
||
| 260 |
_aCanada: _bEnvironmental protections program directorate,1983 _c1983 |
||
| 300 |
_a203 p. : _bill.; _c28 cm. |
||
| 490 |
_918170 _aEnvironmental Protection Service Report Series |
||
| 500 | _aDonations | ||
| 500 | _aDonations-Bibliotheca Alexandrina | ||
| 504 | _aBibliography: p. 171-173. | ||
| 650 |
_apaper industry _xenvironmental aspects _918190 |
||
| 650 |
_awood-pulp industry _xenvironmental aspects _918191 |
||
| 710 |
_918187 _aCanada. Environmental Protection Programs Directorate |
||
| 710 |
_918188 _aCanada. Environmental Protection Service |
||
| 942 |
_cBB _k676 MCC _2ddc |
||
| 999 |
_c3643 _d3643 |
||